000 00979cam a2200301 a 4500
008 851003s1986 mau b 001 0 eng
020 _a0316060356
040 _aDLC
_cDLC
_dDLC
043 _an-us---
050 0 0 _aKF665.A4
_bA969 1986
092 0 4 _a346.730437
_bA969 1986
_221
099 _a04
_a346.730437 A969 1986
100 1 _aAxelrod, Allan,
_d1922-
245 1 0 _aLand transfer and finance :
_bcases and materials /
_cAllan Axelrod, Curtis J. Berger, Quintin Johnstone.
250 _a3rd ed.
260 _aBoston :
_bLittle, Brown,
_cc1986.
300 _axxxiv, 1278 p. ;
_c24 cm.
440 0 _aLaw school casebook series
504 _aIncludes bibliographical references and index.
650 0 _aVendors and purchasers
_zUnited States
_xCases.
700 1 _aBerger, Curtis J.
700 1 _aJohnstone, Quintin.
902 _a1
905 _aEman
_eRev
905 _aJamal
_eCat.
942 _2ddc
_cBK
999 _c104107
_d104107